| 000 | 00550nam a2200181Ia 4500 | ||
|---|---|---|---|
| 003 | GCL | ||
| 008 | 140319s9999 xx 000 0 ara d | ||
| 040 |
_aGCL / _cGCL |
||
| 082 | 0 | 4 |
_a365.42 _bح خ |
| 100 | 1 | _aخيرى خليل الجميلى | |
| 245 | 1 | 0 |
_aالخدمة الاجتماعية للاحداث المنحرفين / _cخيرى خليل الجميلى |
| 300 | _a151 ص | ||
| 490 |
_a100 قصة _v0 |
||
| 650 | 0 | 4 | _aالاحداث |
| 650 | 0 | 4 | _aالخدمة الاجتماعية |
| 650 | 0 | 4 | _aجناح الاحداث |
| 942 |
_2ddc _cBK |
||
| 999 |
_c43948 _d43948 |
||